Nicaragua: b
En este capítulo se narra el proceso de construcción del Colectivo de Mujeres de Matagalpa, Nicaragua. Organización encaminada hacia la creación de conciencia en las mujeres y los hombres y a la construcción de una fuerza organizada capaz de movilización para lograr el respeto de los derechos ciudad...
Guardat en:
| Autor corporatiu: | |
|---|---|
| Format: | Text |
| Matèries: | |
| Etiquetes: |
Afegir etiqueta
Sense etiquetes, Sigues el primer a etiquetar aquest registre!
|
MARC
| LEADER | 00000 a a2200000 04500 | ||
|---|---|---|---|
| 001 | 41702 | ||
| 003 | |||
| 040 | |||
| 110 | |a Colectivo de mujeres de Matagalpa | ||
| 245 | |a Nicaragua: b |c on nuestras propias palabras tejiendo nuestra realidad de mujeres / |c Colectivo de mujeres de Matagalpa | ||
| 520 | |a En este capítulo se narra el proceso de construcción del Colectivo de Mujeres de Matagalpa, Nicaragua. Organización encaminada hacia la creación de conciencia en las mujeres y los hombres y a la construcción de una fuerza organizada capaz de movilización para lograr el respeto de los derechos ciudadanos, pasando por transformaciones individuales y colectivas, formas organizativas y metodología de trabajo. | ||
| 590 | |a RRA/AGOSTO2011 | ||
| 650 | |a 1.ORGANIZACIONES FEMENINAS | ||
| 650 | |a 2.NICARAGIA | ||
| 650 | |a 3.IGUALDAD DE GENERO | ||
| 650 | |a 4.DESIGUALDAD SOCIAL | ||
| 650 | |a 5.POBREZA | ||
| 773 | |g (2009), páginas 217-225 | ||
| 999 | |c 31128 |d 31128 | ||
